|
|
|
|
| LEADER |
01393nam a2200385Ia 4500 |
| 001 |
EBC168495 |
| 003 |
MiAaPQ |
| 005 |
20200520144314.0 |
| 006 |
m o d | |
| 007 |
cr cn||||||||| |
| 008 |
001219s2001 enka sb 001 0 eng d |
| 010 |
|
|
|z 00054743
|
| 020 |
|
|
|z 0415232724
|
| 020 |
|
|
|z 0415253209 (pbk.)
|
| 035 |
|
|
|a (MiAaPQ)EBC168495
|
| 035 |
|
|
|a (Au-PeEL)EBL168495
|
| 035 |
|
|
|a (CaPaEBR)ebr5004616
|
| 035 |
|
|
|a (CaONFJC)MIL32628
|
| 035 |
|
|
|a (OCoLC)264508188
|
| 040 |
|
|
|a MiAaPQ
|c MiAaPQ
|d MiAaPQ
|
| 050 |
|
4 |
|a HF1418.7
|b .G67 2001
|
| 082 |
0 |
4 |
|a 382/.0973
|2 21
|
| 100 |
1 |
|
|a Gordon, Bernard K.,
|d 1932-
|
| 245 |
1 |
0 |
|a America's trade follies
|h [electronic resource] :
|b turning economic leadership into strategic weakness /
|c Bernard K. Gordon.
|
| 260 |
|
|
|a London, U.K. :
|b Routledge,
|c 2001.
|
| 300 |
|
|
|a xi, 177 p. :
|b ill.
|
| 504 |
|
|
|a Includes bibliographical references and index.
|
| 533 |
|
|
|a Electronic reproduction. Ann Arbor, MI : ProQuest, 2015. Available via World Wide Web. Access may be limited to ProQuest affiliated libraries.
|
| 650 |
|
0 |
|a Trade blocs.
|
| 650 |
|
0 |
|a Regionalism.
|
| 650 |
|
0 |
|a Balance of trade
|z United States.
|
| 651 |
|
0 |
|a United States
|x Commercial policy.
|
| 655 |
|
4 |
|a Electronic books.
|
| 710 |
2 |
|
|a ProQuest (Firm)
|
| 856 |
4 |
0 |
|u https://ebookcentral.proquest.com/lib/matrademy/detail.action?docID=168495
|z Click to View
|